书目信息 |
| 题名: |
巴黎圣母院
|
|
| 作者: | 雨果, 著 ;王小丽 译 | |
| 分册: | ||
| 出版信息: | 河南 伊犁人民出版社 2000.11 |
|
| 页数: | 397页 | |
| 开本: | 20cm | |
| 丛书名: | 世界名著百部 | |
| 单 册: | ||
| 中图分类: | I565.44 | |
| 科图分类: | ||
| 主题词: | 长篇小说--法国--近代 | |
| 电子资源: | ||
| ISBN: | 7-5425-0549-1 | |
| 000 | 00932nam 2200265 450 | |
| 001 | 010563629765 | |
| 005 | 20050913101512.56 | |
| 010 | @a7-5425-0549-1@dCNY14.50 | |
| 100 | @a20050225d2000 km y0chiy0120 ea | |
| 101 | 1 | @achi@cfre |
| 102 | @aCN@b410000 | |
| 105 | @ay z 000ay | |
| 200 | 1 | @a巴黎圣母院@Aba li sheng mu yuan@d= Notre-dame de Paris@f(法) 雨果 (Victor Hugo) 著@F(fa)yu guo(Victor Hugo)zhu@g王小丽译@Gwang xiao li yi@zeng |
| 210 | @a河南@c伊犁人民出版社@d2000.11 | |
| 215 | @a397页@d20cm | |
| 225 | 2 | @a世界名著百部@v095 |
| 330 | @a这是一部现实主义和浪漫主义相结合的杰作。描绘的人物都具有十五世纪巴黎风俗的鲜明色彩。 | |
| 410 | 0 | @12001 @a世界名著百部 |
| 510 | 1 | @aNotre-dame de Paris@zfre |
| 606 | 0 | @a长篇小说@y法国@z近代 |
| 690 | @aI565.44@v4 | |
| 701 | 1 | @a雨果,@Ayu guo,@bV.@g(Hugo, V.)@4著 |
| 702 | 0 | @a王小丽@Awang xiao li@4译 |
| 801 | 0 | @aCN@bQSSK@c20050913 |
| 905 | @a10447@dI565.44@eY830 | |
| 巴黎圣母院= Notre-dame de Paris/(法) 雨果 (Victor Hugo) 著/王小丽译.-河南:伊犁人民出版社,2000.11 |
| 397页;20cm.-(世界名著百部;095) |
| ISBN 7-5425-0549-1:CNY14.50 |
| 这是一部现实主义和浪漫主义相结合的杰作。描绘的人物都具有十五世纪巴黎风俗的鲜明色彩。 |
| ● |
| 相关链接 |
|
|
|
正题名:巴黎圣母院
索取号:I565.44/Y830
 
预约/预借
| 序号 | 登录号 | 条形码 | 馆藏地/架位号 | 状态 | 备注 |
| 1 | 563348 | 205633484 | 社科二线400B/400B社科库 17排3列2层/ [索取号:I565.44/Y830] | 在馆 | |
| 2 | 563349 | 205633493 | 文学库116/ [索取号:I565.44/Y830] | 在馆 | |
| 3 | 563350 | 205633509 | 社科二线400B/116文学库 23排6列6层/ [索取号:I565.44/Y830] | 在馆 |